[Event "Olympiad Women 2024"]
[Site "Budapest HUN"]
[Date "2024.09.22"]
[Round "11.70"]
[White "Urh, Zala"]
[Black "Zhang, Jilin"]
[Result "1/2-1/2"]
[WhiteElo "2251"]
[BlackElo "2155"]
[PlyCount "152"]
[EventDate "2024.09.11"]
[WhiteTeam "Slovenia"]
[BlackTeam "Australia"]
[WhiteTeamCountry "SLO"]
[BlackTeamCountry "AUS"]

1. d4 d5 2. c4 e6 3. Nf3 Nf6 4. g3 Bd6 5. Bg2 O-O 6. O-O c6 7. Qc2 b6 8. b3 ({RR} 8. Nbd2 Bb7 9. c5 Bc7 10. e4 Nbd7 11. exd5 Nxd5 12. a3 bxc5 13. dxc5 a5 14. Ne4 h6 15. Bd2 Ba6 16. Rfd1 Qe7 17. Nd4 Ne5 18. f4 Nc4 19. Re1 Nxd2 20. Qxd2 Qd7 21. Rad1 Rfd8 22. Kh1 a4 {0-1 Li,Z-Su,Y (1757) Chinese Youth U20 2024 (3.15)}) 8... Bb7 9. Rd1 Nbd7 10. Nc3 Ba6 $146 ({RR} 10... Rc8 11. Bb2 Qc7 12. Rac1 Rfd8 13. e4 dxe4 14. Nxe4 Nxe4 15. Qxe4 Nf6 16. Qe2 Be7 17. Ne1 Qb8 18. Nd3 Re8 19. Rc2 Nd7 20. Qf3 Bf6 21. Nf4 g6 22. Re2 Bg7 23. Nd3 Ba8 24. h4 Qd6 25. c5 {1-0 Le,T (2261)-Nguyen,Q VIE-chT (Women) 2003 (6)}) 11. e4 dxe4 12. Ng5 h6 13. Ngxe4 Nxe4 14. Nxe4 Be7 15. c5 Nf6 16. Bf4 Nxe4 17. Bxe4 Bb7 18. Rac1 Bg5 19. Qd2 Bxf4 20. Qxf4 Qd7 21. h4 Rac8 22. h5 Rfd8 23. Qf3 Rc7 24. Qe2 Qe7 25. Rd2 Qg5 26. Rcd1 Rcd7 27. Kg2 e5 28. cxb6 axb6 29. Qf3 Rxd4 30. Rxd4 exd4 31. Bxc6 Bxc6 32. Qxc6 Qxh5 33. Qxb6 Qd5+ 34. f3 d3 35. Rd2 Re8 36. Qf2 h5 37. b4 h4 38. gxh4 Qc4 39. a4 Re6 40. a5 Rg6+ 41. Kh3 Qc1 42. Kh2 Rc6 43. a6 Rxa6 44. Rxd3 Qf4+ 45. Kh1 Ra1+ 46. Kg2 Qc1 47. Kg3 Qh1 48. Qh2 Qe1+ 49. Qf2 Qh1 50. Qh2 Qe1+ 51. Qf2 Qxb4 52. Rd8+ Kh7 53. Qd2 Qc5 54. Qd3+ f5 55. Qd4 Qc7+ 56. Qd6 Qc1 57. Qd2 Qg1+ 58. Kf4 Ra4+ 59. Ke5 Qc5+ 60. Ke6 Ra6+ 61. Rd6 Qc8+ 62. Ke5 Qe8+ 63. Kf4 Qb8 64. Ke5 Qe8+ 65. Kf4 Qb8 66. Ke5 Qc7 67. Ke6 Qc4+ 68. Qd5 Rxd6+ 69. Kxd6 Qxd5+ 70. Kxd5 Kh6 71. Ke5 g6 72. Kf4 Kh5 73. Kg3 Kh6 74. Kf4 Kh5 75. Kg3 Kh6 76. Kf4 Kh5 1/2-1/2

[Event "Olympiad Women 2024"]
[Site "Budapest HUN"]
[Date "2024.09.22"]
[Round "11.18"]
[Board "3"]
[White "Shen, Zhiyuan"]
[Black "Janzelj, Lara"]
[Result "1-0"]
[WhiteElo "1969"]
[BlackElo "2193"]
[PlyCount "153"]
[EventDate "2024.09.11"]
[WhiteTeam "Australia"]
[BlackTeam "Slovenia"]
[WhiteTeamCountry "AUS"]
[BlackTeamCountry "SLO"]

1. e4 e5 2. Nf3 Nc6 3. Bb5 g6 4. O-O Bg7 5. c3 Nge7 6. d4 exd4 7. cxd4 a6 8. Ba4 b5 9. Bc2 d6 10. h3 O-O 11. Nc3 d5 ({RR} 11... Na5 12. Re1 c5 13. Bf4 cxd4 14. Nxd4 Bb7 15. Rc1 Rc8 16. Bb3 Nc4 17. Bxc4 Rxc4 18. Nf3 d5 19. Bg5 f6 20. Be3 dxe4 21. Nd2 Rc8 22. Ndxe4 Qxd1 23. Rcxd1 b4 24. Bc5 bxc3 25. Bxe7 c2 26. Rc1 {0-1 Nihal,S (2620)-Mamedyarov,S (2770) Titled Arena 2nd Jan blitz 2021}) ({RR} 11... Na5 12. Re1 c5 13. dxc5 dxc5 14. Qxd8 Rxd8 15. Be3 Nb7 16. Bg5 f6 17. Bf4 Be6 18. Rad1 Nc6 19. a3 Rxd1 20. Rxd1 Rd8 21. Rxd8+ Ncxd8 22. Kf1 Nf7 23. Ke1 Nfd6 24. b3 f5 25. e5 Nf7 26. Nb1 {0-1 Bouska,J (2227)-Jirka,J (2387) 35th Czech Rapid G1 2024 (9.11)}) 12. Bg5 h6 13. Bf4 $146 ({RR} 13. Bh4 dxe4 14. Nxe4 g5 15. Nexg5 hxg5 16. Nxg5 Qd6 17. d5 Nd4 18. Ne4 Qf4 19. Bxe7 Nxc2 20. Bxf8 Be5 21. Ng3 Nxa1 22. Bc5 Bxb2 23. d6 cxd6 24. Qd5 Qe5 25. Qxa8 Qxc5 26. Ne4 Qc7 27. Nxd6 Qxd6 {1-0 Gogia,A (1696)-Titorenko,K (1850) GBR-ch 105th U2050 2018 (2)}) 13... dxe4 14. Bxe4 Bf5 15. Be5 Bxe4 16. Nxe4 f6 17. Bh2 f5 18. Nc5 Qd5 19. Re1 Rf6 20. Bxc7 g5 21. Be5 Nxe5 22. Rxe5 Qf7 23. Qb3 Nc6 24. Qxf7+ Rxf7 25. Rd5 Nb4 26. Rd6 Bf8 27. Re6 Rc7 28. a3 Nc2 29. Rd1 Nxd4 30. Rxd4 Rxc5 31. Rd7 Rac8 32. Rxa6 R8c7 33. Rxc7 Rxc7 34. Nd4 Rc1+ 35. Kh2 f4 36. g3 fxg3+ 37. Kxg3 Bg7 38. Ra8+ Kh7 39. Ra7 Kg6 40. Ra6+ Kf7 41. Nxb5 Be5+ 42. Kg2 h5 43. Nd6+ Kg7 44. Nf5+ Kf7 45. b4 Rb1 46. Nd6+ Kg7 47. Ne4 Bf4 48. Nc5 Kf7 49. Rb6 Ra1 50. a4 Ra3 51. a5 h4 52. Rh6 Kg7 53. Rc6 Kh7 54. Ne6 Bd2 55. Rc4 Kg6 56. Nc7 Bf4 57. Nd5 Bd2 58. Ne3 Ra4 59. Nc2 Kf5 60. Kf3 Ke5 61. Re4+ Kf6 62. Rd4 Bf4 63. Rd3 Ra2 64. Na3 Bc1 65. Nc4 Rc2 66. Ne3 Ra2 67. Rc3 Ba3 68. a6 Ke6 69. Rb3 Bb2 70. b5 Be5 71. Nc4 Bd4 72. b6 Rxf2+ 73. Ke4 Rf4+ 74. Kd3 g4 75. a7 Rf8 76. Kxd4 g3 77. Ne3 1-0

[Event "Olympiad Women 2024"]
[Site "Budapest HUN"]
[Date "2024.09.22"]
[Round "11.18"]
[Board "4"]
[White "Mihelic, Vesna"]
[Black "Vincent, Alaina"]
[Result "1-0"]
[WhiteElo "2069"]
[BlackElo "1976"]
[PlyCount "133"]
[EventDate "2024.09.11"]
[WhiteTeam "Slovenia"]
[BlackTeam "Australia"]
[WhiteTeamCountry "SLO"]
[BlackTeamCountry "AUS"]

1. e4 c5 2. Nf3 Nc6 3. Bb5 g6 4. Nc3 Bg7 5. d3 e5 6. Bg5 f6 7. Be3 d6 8. Bc4 Nh6 9. h4 Nd4 10. Nd5 $146 ({RR} 10. Bxh6 Bxh6 11. Nxd4 cxd4 12. Nd5 Be6 13. Qf3 Bxd5 14. Bxd5 Rc8 15. O-O Rxc2 16. Bxb7 Rf8 17. Qd1 Rc7 18. Qb3 Qd7 19. Bd5 Ke7 20. Qd1 f5 21. h5 f4 22. f3 g5 23. Qe2 Rfc8 24. Bc4 Qe8 {½-½ Hryzlova,S (2196)-Vidic,T (2132) Mitropa Cup Women 2024 (4.16)}) 10... Bd7 11. Nxd4 cxd4 12. Bxh6 Bxh6 13. Qf3 O-O 14. Nc7+ Kg7 15. Nxa8 Qa5+ 16. Kf1 f5 17. b4 Qd8 18. Bd5 fxe4 19. Qxe4 Be3 20. Bxb7 Bxf2 21. Ke2 Bf5 22. Qf3 Bxh4 23. g3 Bg5 24. Raf1 h5 25. Qc6 Bg4+ 26. Ke1 Bd2+ 27. Kxd2 Qg5+ 28. Rf4 exf4 29. Qd5 Qxd5 30. Bxd5 fxg3 31. Rg1 h4 32. Nc7 Rf2+ 33. Kc1 Bd7 34. b5 g5 35. a4 Bh3 36. Ne6+ Kg6 37. Nxd4 g2 38. Nf3 Bc8 39. Nxh4+ gxh4 40. Rxg2+ Rxg2 41. Bxg2 h3 42. Bh1 Kf6 43. Kd2 Ke6 44. c4 Kd7 45. d4 Kc7 46. a5 Bb7 47. d5 Bc8 48. Ke3 Bg4 49. Be4 h2 50. Bh1 Bd1 51. Kd4 Be2 52. Kc3 Bg4 53. Kb4 Bc8 54. c5 Kd7 55. b6 axb6 56. cxb6 Ba6 57. Kc3 Ke7 58. Kd4 Kf6 59. Ke4 Kg5 60. Kf3 Kf5 61. Kg3 Ke5 62. Kxh2 Kd4 63. Bg2 Bb7 64. Bf1 Kc5 65. a6 Kxb6 66. axb7 Kxb7 67. Kg3 1-0

[Event "Olympiad Women 2024"]
[Site "Budapest HUN"]
[Date "2024.09.22"]
[Round "11.19"]
[Board "1"]
[White "Yao, Lan"]
[Black "Keinanen, Anastasia"]
[Result "1/2-1/2"]
[WhiteElo "2353"]
[BlackElo "2212"]
[PlyCount "120"]
[EventDate "2024.09.11"]
[WhiteTeam "England"]
[BlackTeam "Finland"]
[WhiteTeamCountry "ENG"]
[BlackTeamCountry "FIN"]

1. e4 e5 2. Nf3 Nc6 3. Bb5 a6 4. Ba4 d6 5. O-O Bd7 6. c3 g6 7. d4 Bg7 8. Be3 Nge7 9. dxe5 ({RR} 9. d5 Nb8 10. Bxd7+ Nxd7 11. c4 O-O 12. Nc3 h6 13. Nd2 f5 14. f3 Kh7 15. b4 Bf6 16. Nb3 Bh4 17. Kh1 f4 18. Bg1 Nf6 19. c5 Nh5 20. Ne2 Ng8 21. Rc1 Rf7 22. Rc3 Ng3+ 23. Nxg3 fxg3 {½-½ Shomoev,A (2492)-Najer,E (2653) RUS-chT 13th 2006 (4)}) 9... Nxe5 10. Nxe5 dxe5 11. Bxd7+ $146 ({RR} 11. Bc5 b6 12. Ba3 Bxa4 13. Qxa4+ Qd7 14. Qb3 Qb5 15. Qc2 c5 16. c4 Qc6 17. Nc3 O-O 18. Rfd1 Rfd8 19. b4 cxb4 20. Bxb4 Bf8 21. Bxe7 Bxe7 22. Nd5 Bc5 23. Rab1 Kg7 24. Qb2 f6 25. g4 Qe6 {1-0 Kholmov,R (2427)-Ljuboschiz,A (2205) Wch Seniors 11th 2001 (2)}) ({RR} 11. Na3 Bxa4 12. Qxa4+ Qd7 13. Qb3 Qc6 14. Qb4 a5 15. Qc5 Qxc5 16. Bxc5 b6 17. Be3 O-O-O 18. Rad1 Nc6 19. f3 a4 20. b4 axb3 21. axb3 h5 22. b4 Bh6 23. Rxd8+ Nxd8 24. Bxh6 Rxh6 25. Nc4 f6 {½-½ Frank,A (2307)-Mirzoev,A (2435) Olomouc GM 23rd 2022 (5)}) 11... Qxd7 12. Qb3 Qc6 13. Nd2 O-O 14. f3 Rfd8 15. Nc4 Qb5 16. Rfd1 Kf8 17. Qxb5 axb5 18. Na3 c6 19. Bb6 Rxd1+ 20. Rxd1 Nc8 21. Bc7 Bf6 22. Kf2 Ke8 23. Rd3 b6 24. f4 exf4 25. Bxf4 Be7 26. Bc1 Bxa3 27. bxa3 Ra7 28. g4 f6 29. g5 fxg5 30. Bxg5 Rd7 31. Ke2 Rxd3 32. Kxd3 Nd6 33. Kd4 Nf7 34. Bf4 Kd7 35. h4 h6 36. Bg3 h5 37. Bf4 Ke6 38. Bc7 g5 39. hxg5 Nxg5 40. Ke3 Nf7 41. Kf4 h4 42. Bxb6 Nd6 43. Bg1 Nc4 44. Bd4 Nxa3 45. Kg4 Nb1 46. Kxh4 c5 47. Bxc5 Nxc3 48. Kg4 Nxe4 49. Bf8 Nc3 50. Kf3 Kd5 51. Ke3 Kc4 52. Kd2 Nxa2 53. Kc2 Nc3 54. Kb2 Na4+ 55. Kc2 Nc5 56. Bxc5 Kxc5 57. Kc3 b4+ 58. Kb3 Kb5 59. Kb2 Kc4 60. Kc2 b3+ 1/2-1/2

[Event "Olympiad Women 2024"]
[Site "Budapest HUN"]
[Date "2024.09.22"]
[Round "11.19"]
[Board "2"]
[White "Paasikangas, Johanna"]
[Black "Houska, Jovanka"]
[Result "0-1"]
[WhiteElo "2058"]
[BlackElo "2333"]
[PlyCount "68"]
[EventDate "2024.09.11"]
[WhiteTeam "Finland"]
[BlackTeam "England"]
[WhiteTeamCountry "FIN"]
[BlackTeamCountry "ENG"]

1. d4 {TFS} d5 2. c4 e6 3. Nc3 Nf6 4. Nf3 Nbd7 5. Bg5 c6 6. e3 Qa5 7. Qb3 Ne4 8. Bh4 g5 9. Bg3 h5 10. h3 Nxg3 ({RR} 10... Bb4) 11. fxg3 Bd6 12. cxd5 $146 ({RR} 12. O-O-O Bxg3 13. cxd5 exd5 14. e4 Nf6 15. exd5 Nxd5 16. Nxd5 Qxd5 17. Bc4 Qf5 18. Rhe1+ Kf8 ({RR} 18... Bxe1 19. Rxe1+ Kf8 20. Rf1) 19. Qb4+ Kg7 20. Re7 Rf8 21. Bd3 Qf4+ 22. Nd2 Qd6 23. Qc5 Qxc5+ 24. dxc5 Kf6 25. Re2 Bf4 26. Rf1 h4 {0-1 Dahlin,B-Lundin,E Stockholm-ch 1929}) 12... Bxg3+ 13. Kd2 cxd5 14. Nxg5 Rg8 15. Nf3 Nb6 16. Qb5+ Qxb5 17. Bxb5+ Ke7 18. Rhf1 a6 19. Bd3 Bd7 20. Ke2 Rac8 21. Rac1 Nc4 22. Bxc4 Rxc4 23. Kd3 Rcc8 24. Rb1 f6 25. Nd2 b5 26. b4 Bd6 27. Rf2 a5 28. a3 axb4 29. axb4 Be8 30. Rb2 Bg6+ 31. e4 Rxc3+ 32. Kxc3 dxe4 33. Nb3 Bh7 34. Nc5 Rg3+ 0-1

[Event "Olympiad Women 2024"]
[Site "Budapest HUN"]
[Date "2024.09.22"]
[Round "11.19"]
[Board "3"]
[White "Hunt, Harriet V"]
[Black "Bederdin, Lilja"]
[Result "0-1"]
[WhiteElo "2304"]
[BlackElo "2065"]
[PlyCount "166"]
[EventDate "2024.09.11"]
[WhiteTeam "England"]
[BlackTeam "Finland"]
[WhiteTeamCountry "ENG"]
[BlackTeamCountry "FIN"]

1. e4 e6 2. d4 d5 3. Nd2 c5 4. Ngf3 cxd4 5. Nxd4 Nc6 6. Nxc6 bxc6 7. Bd3 Qc7 8. c4 ({RR} 8. Qe2 Bd6 9. Nf3 dxe4 10. Qxe4 Nf6 11. Qh4 Bb7 12. Bg5 c5 13. Bxf6 gxf6 14. Qxf6 Rg8 15. Bb5+ Bc6 16. Bxc6+ Qxc6 17. O-O Rg6 18. Qc3 Ke7 19. g3 h5 20. Rad1 Rag8 21. Qe3 Rf6 22. Nd2 Rg4 {½-½ Perez Ponsa,F (2554)-Nepomniachtchi,I (2789) Titled Tuesday intern op 16th Feb blitz 2021 (8)}) ({RR} 8. Qe2 Bd6 9. Nf3 dxe4 10. Qxe4 Nf6 11. Qh4 Ba6 12. Bxa6 Qa5+ 13. Bd2 Qxa6 14. c4 Qb6 15. b3 Bb4 16. O-O Bxd2 17. Nxd2 O-O 18. Nf3 Rfd8 19. Qf4 h6 20. Ne5 Rd4 21. Qf3 Rc8 22. Rfe1 c5 {1-0 Sathish,P (2337)-Cruz,W (2216) Titled Tue 30th Jul Late 2024 (5)}) 8... d4 $146 ({RR} 8... Nf6 9. O-O Bd6 10. h3 O-O 11. cxd5 cxd5 12. exd5 Nxd5 13. Ne4 Be5 14. Qh5 f5 15. Ng5 h6 16. Nf3 Bf6 17. Bd2 Bxb2 18. Rab1 Bf6 19. Qg6 Bd7 20. Rfc1 Qd6 21. Bc4 Be8 22. Qg3 f4 23. Qh2 {0-1 Romero Pallares,D (2230)-Randazzo,A (2227) Zaragoza Rey Ardid 1st 2019 (2)}) ({RR} 8... Nf6 9. O-O Bd6 10. h3 O-O 11. cxd5 cxd5 12. exd5 Nxd5 13. Ne4 Bh2+ 14. Kh1 Bf4 15. Qh5 h6 16. Qh4 Bb7 17. Nc3 Bxc1 18. Raxc1 Qb6 19. b3 {½-½ Janovsky,S (2496)-Komarov,D (2539) Kirishi Nesis Cup rapid 2007 (7)}) 9. Qe2 e5 10. O-O Nf6 11. h3 Bd6 12. f4 c5 13. Nf3 Nd7 14. f5 h6 15. Bd2 Nb8 16. Nh2 Nc6 17. Rf3 f6 18. Rg3 Rb8 19. b3 Qf7 20. Qg4 Rb7 21. Be2 Kd8 22. Nf3 Rh7 23. Rf1 Bd7 24. Qh4 Be8 25. Ne1 Kc8 26. Nd3 Qe7 27. Bh5 Bxh5 28. Qxh5 Qf7 29. Qd1 Rh8 30. Qc1 Kb8 31. Qa3 Qe7 32. Rb1 Rc8 33. Qc1 Ka8 34. Qd1 Rcb8 35. Qg4 Qf7 36. Rf3 Bf8 37. Rff1 Rb6 38. Rb2 Ra6 39. Rfb1 Ra3 40. Qe2 Rb6 41. Ne1 Raa6 42. Nc2 Qd7 43. Qd3 Rb7 44. a3 Rab6 45. b4 Nb8 46. b5 Rd6 47. a4 Qc8 48. Na1 Be7 49. Nb3 Bd8 50. Ra2 Rf7 51. a5 a6 52. Nc1 Rb7 53. Rab2 Be7 54. Kh2 Bf8 55. Be1 Be7 56. Qe2 Nd7 57. Nd3 Bf8 58. Qg4 Qe8 59. Bd2 Qf7 60. bxa6 Rxb2 61. Nxb2 Rxa6 62. Qd1 Nb8 63. Qb3 Qb7 64. Qd3 Qc6 65. Nd1 Qa4 66. Nb2 Qc6 67. Ra1 Nd7 68. Ra3 Ra7 69. Qf3 Rb7 70. Ra2 Kb8 71. Qh5 Ka7 72. Qe2 Rb3 73. Nd1 Nb8 74. Nf2 Qb7 75. Qh5 Qd7 76. Qd1 Qb7 77. Qc2 Rb1 78. Ra3 Qb2 79. Qd3 Ka6 80. Kg3 Nc6 81. Kg4 Nb4 82. Bxb4 Qxf2 83. Qxb1 Qf4+ 0-1

[Event "Olympiad Women 2024"]
[Site "Budapest HUN"]
[Date "2024.09.22"]
[Round "11.19"]
[Board "4"]
[White "Puuska, Heini"]
[Black "Toma, Katarzyna"]
[Result "0-1"]
[WhiteElo "1930"]
[BlackElo "2184"]
[PlyCount "116"]
[EventDate "2024.09.11"]
[WhiteTeam "Finland"]
[BlackTeam "England"]
[WhiteTeamCountry "FIN"]
[BlackTeamCountry "ENG"]

1. Nf3 Nf6 2. c4 d6 3. d4 g6 4. Nc3 Bg7 5. e4 O-O 6. h3 c5 7. d5 e6 8. Be2 exd5 9. exd5 a6 ({RR} 9... Bf5 10. O-O Ne4 11. Nxe4 Bxe4 12. Re1 Bxf3 13. Bxf3 Nd7 14. Qc2 Ne5 15. Be2 Qh4 16. Bd2 f5 17. b4 Nd7 18. Bc3 Bxc3 19. Qxc3 cxb4 20. Qxb4 Nc5 21. Bf1 Rae8 22. Qa3 a6 23. Qc3 Kf7 24. Rab1 {0-1 Kazhgaleyev,M (2566)-Ivanisevic,I (2623) Chigorin Memorial 22nd 2014 (6)}) 10. a4 Re8 ({RR} 10... b6 11. O-O Nbd7 12. Re1 Qc7 13. Bf4 Ne8 14. Qd2 Ne5 15. Bh6 f6 16. Bxg7 Nxg7 17. Nh2 Nf5 18. f4 Nd7 19. Nf3 Ng7 20. Bd3 f5 21. Re7 Qd8 22. Rae1 Nf6 23. R7e2 h6 24. b3 Ra7 25. Nh4 {1-0 Harshavardhan,G (2413)-Aronian,L (2742) Titled Tue 1st Aug Late 2023 (6)}) 11. O-O h6 $146 ({RR} 11... Nbd7 12. Bd3 Nf8 13. Qc2 Bd7 14. Bf4 Qc7 15. a5 Rad8 16. Ra3 Bc8 17. Qd2 N8d7 18. Raa1 Nh5 19. Bg5 f6 20. Bh6 Bh8 21. g4 Ng7 22. Nh4 Ne5 23. Ne4 Qf7 24. Bc2 f5 25. Ng5 Qf6 26. Qc3 {0-1 Schouten,F (2095)-Kulkarni,C (2208) Gibraltar Challenger op-B 2017 (3)}) ({RR} 11... Ne4 12. Nxe4 Rxe4 13. Bd3 Re8 14. Qc2 a5 15. Bd2 Na6 16. Rae1 Bd7 17. Rxe8+ Bxe8 18. Nh2 Rc8 19. f4 Nb4 20. Bxb4 cxb4 21. b3 f5 22. Nf3 Bf7 23. Re1 Bxd5 24. Qe2 Bf7 25. Qe7 Qb6+ 26. Qe3 {0-1 Bassa,J (1735)-Myzyk,J (2138) POL-chT3 Kujawsko Pomorskie 0910 2009 (6.13)}) ({RR} 11... Nbd7 12. Re1 Ne4 13. Nxe4 Rxe4 14. Qc2 Nf6 15. Bg5 Bf5 16. Bd3 Rxe1+ 17. Rxe1 Bxd3 18. Qxd3 Qd7 19. b3 Re8 20. Rxe8+ Qxe8 21. Kf1 Ne4 22. Qe3 f5 23. Bf4 b5 24. axb5 axb5 25. Ng5 Bd4 26. Nxe4 {1-0 Bykov,E (2346)-Garkushin,A (2088) Dvorkovich Memorial rapid op 2018 (6)}) 12. Bd3 Nbd7 13. Be3 Nf8 14. Qd2 g5 15. Nh2 Ng6 16. Bxg6 fxg6 17. h4 gxh4 18. Bxh6 h3 19. g3 Bf5 20. Bxg7 Kxg7 21. Rfe1 Qd7 22. f3 Rxe1+ 23. Rxe1 Re8 24. Rxe8 Qxe8 25. Kf2 Qe5 26. Qe3 Nd7 27. f4 Qxe3+ 28. Kxe3 Nf6 29. Nd1 Ng4+ 30. Nxg4 Bxg4 31. Nf2 h2 32. Nh1 a5 33. Kf2 Bd1 34. Kg2 Bb3 35. Nf2 Bxc4 36. Kxh2 Bxd5 37. g4 Bc6 38. Kg3 b6 39. f5 gxf5 40. gxf5 Bxa4 41. Kf4 Bd7 42. Ne4 d5 43. Nc3 Bc6 44. Ke5 d4 45. Nb1 a4 46. Nd2 d3 47. Kd6 Be8 48. Ke7 Bf7 49. f6+ Kg8 50. Kd6 c4 51. Nb1 b5 52. Kc5 Be8 53. Kd4 Kf7 54. Ke5 b4 55. Kd4 a3 56. bxa3 bxa3 57. Nc3 d2 58. Kxc4 a2 0-1

[Event "Olympiad Women 2024"]
[Site "Budapest HUN"]
[Date "2024.09.22"]
[Round "11.20"]
[Board "1"]
[White "Toth, Lili"]
[Black "Mihok-Juhasz, Barbara"]
[Result "0-1"]
[WhiteElo "2105"]
[BlackElo "2193"]
[PlyCount "74"]
[EventDate "2024.09.11"]
[WhiteTeam "Hungary C"]
[BlackTeam "Hungary B"]

1. e4 e5 2. Nf3 Nf6 3. Nxe5 d6 4. Nf3 Nxe4 5. d4 d5 6. Bd3 Nd6 7. O-O Be7 8. Nc3 c6 9. Ne2 Bf5 10. Ng3 Bxd3 11. Qxd3 O-O 12. b3 $146 ({RR} 12. Bf4 Nd7 13. Rfe1 Re8 14. Bxd6 Bxd6 15. Rxe8+ Qxe8 16. Re1 Qd8 17. Nf5 Nf8 18. Nxd6 Qxd6 19. c3 Ne6 20. g3 {½-½ Bejtovic,J (2338)-Grabarczyk,M (2475) Prague op-A 09th 2010 (4)}) ({RR} 12. Re1 Nd7 13. Ne5 Re8 14. b3 Bf8 15. Bd2 Rc8 16. Rad1 c5 17. Nxd7 Rxe1+ 18. Bxe1 c4 19. Qf3 Qxd7 20. Qxd5 cxb3 21. Qxb3 Qc6 22. c3 Qa6 23. Bd2 Rc6 24. Nf1 g6 25. d5 Rb6 26. Qc2 Nc4 {1-0 Sakelsek,T (2438)-Kokol,P (2266) Graz op-A 19th 2012 (8)}) ({RR} 12. Bf4 Nd7 13. Rfe1 Re8 14. a4 Bf8 15. Rxe8 Nxe8 16. Re1 Nd6 17. Ne5 Qh4 18. Bd2 Nf6 19. f3 Re8 20. c3 g6 21. Re2 Re6 22. b3 Bh6 23. Be1 Qg5 24. f4 Qh4 25. f5 gxf5 26. Nxf5 Qg5 {½-½ Cori Quispe,K (2382)-Slipak,S (2436) Latin Cup-A 6th 2015 (6)}) 12... Nd7 13. a4 Re8 14. Ba3 Ne4 15. Bxe7 Rxe7 16. Rfe1 Ndf6 17. Ne5 Qc7 18. Nf5 Re6 19. f3 Nd6 20. c4 Rae8 21. Nxd6 Qxd6 22. c5 Qe7 23. Qd2 Nd7 24. Nd3 Qf6 25. Qf2 Qf5 26. Rxe6 Rxe6 27. Qd2 h5 28. Re1 Rxe1+ 29. Nxe1 Qb1 30. Qc3 Nf8 31. Kf2 Ne6 32. Nd3 Qd1 33. a5 a6 34. b4 h4 35. h3 g6 36. f4 Kh7 37. Ne5 Nxf4 0-1

[Event "Olympiad Women 2024"]
[Site "Budapest HUN"]
[Date "2024.09.22"]
[Round "11.20"]
[Board "2"]
[White "Lakos, Nikoletta"]
[Black "Gombocz, Zsofia"]
[Result "1/2-1/2"]
[WhiteElo "2192"]
[BlackElo "2061"]
[PlyCount "63"]
[EventDate "2024.09.11"]
[WhiteTeam "Hungary B"]
[BlackTeam "Hungary C"]

1. e4 {Ramirez Alvarez,Alejandro} e5 2. Nf3 Nc6 3. Nc3 Nf6 4. d4 exd4 5. Nxd4 Bb4 6. Nxc6 bxc6 7. Bd3 d5 8. exd5 cxd5 9. O-O O-O 10. h3 Bb7 11. Qf3 Rb8 12. Bg5 Be7 ({RR} 12... h6 13. Bxf6 Qxf6 14. Qxf6 gxf6 15. Ne2 Bd6 16. Ng3 Bc8 17. b3 Re8 18. Rad1 Kf8 19. f4 Bb4 20. Kh2 Rb6 21. Rf3 Rd6 22. Nh5 Re1 23. Rxe1 Bxe1 24. Re3 Bd2 25. Rg3 f5 26. Rf3 d4 27. Ng3 {0-1 Karjakin,S (2760)-Anand,V (2797) Zuerich Chess Challenge Blitz 4th 2015 (1)}) 13. Ne2 ({RR} 13. Rfe1 d4 14. Ne4 Nxe4 15. Bxe7 Qxe7 16. Bxe4 Bxe4 17. Rxe4 Qc5 18. b3 Rbe8 19. Rae1 Rd8 20. Qd3 Qa5 21. a4 c5 22. Re7 Rd7 23. R1e5 Rdd8 24. g3 g6 25. h4 h5 26. R5e6 f5 27. Rxg6+ Kh8 {1-0 Frostick,C (2131)-Mokhber-Garcia,S (1772) British Rapidplay 2024 (7.32)}) 13... d4 $146 ({RR} 13... c5 14. c3 c4 15. Bf5 d4 16. Qg3 Nh5 17. Qg4 Bxg5 18. Qxh5 g6 {1-0 Godena,M (2519)-Basso,P (2417) ITA-ch playoff blitz 76th 2016 (1)}) ({RR} 13... c5 14. Ng3 c4 15. Be2 h6 16. Bd2 d4 17. Qf4 d3 18. cxd3 cxd3 19. Bd1 Bd6 20. Qh4 Bxg3 21. Qxg3 Ne4 22. Qf4 Qb6 23. Bb3 Qg6 24. Bb4 Rfd8 25. Rfd1 Ng5 26. Kh2 Bxg2 27. Kxg2 Ne6+ 28. Qg3 {0-1 Fiebig,T (2431)-Zelbel,P (2452) BEL-chT 1617 2016 (1.4)}) ({RR} 13... h6 14. Bh4 Ne4 15. Bxe7 Qxe7 16. Rfe1 f5 17. Qe3 Qd6 18. f3 Nc5 19. Nf4 Nxd3 20. Nxd3 Qb6 21. Nc5 Bc6 22. Kh1 Rfe8 23. Qf2 Qxb2 24. Qg3 Qc3 25. Nb3 Ba4 26. Red1 c5 27. Qd6 Bxb3 28. cxb3 {½-½ Hinrichs,L (2203)-Urban,R (2034) Hamburg-ch MA 2015 (2)}) 14. Qf5 Bc8 15. Qe5 Rxb2 16. Qxd4 Rb4 17. Qxd8 Rxd8 18. Rab1 Rb6 19. Nc3 Be6 20. a4 Rc6 21. Ne4 Bd5 22. Ng3 h6 23. Nf5 Bc5 24. Be3 a6 25. Bxc5 Rxc5 26. Ne3 a5 27. Nxd5 Nxd5 28. Rb5 Rxb5 29. axb5 Nb4 30. Ra1 Nxd3 31. cxd3 Rxd3 32. Rxa5 1/2-1/2

[Event "Olympiad Women 2024"]
[Site "Budapest HUN"]
[Date "2024.09.22"]
[Round "11.20"]
[Board "3"]
[White "Nandin-Erdene, Davaademberel"]
[Black "Karacsonyi, Kata"]
[Result "0-1"]
[WhiteElo "2039"]
[BlackElo "2233"]
[PlyCount "110"]
[EventDate "2024.09.11"]
[WhiteTeam "Hungary C"]
[BlackTeam "Hungary B"]

1. e4 c5 2. Nf3 e6 3. d4 cxd4 4. Nxd4 Nf6 5. Nc3 Nc6 6. Ndb5 d6 7. Bf4 e5 8. Bg5 a6 9. Na3 b5 10. Nd5 Be7 11. Bxf6 Bxf6 12. c4 b4 13. Nc2 a5 14. g3 g6 15. Bg2 Bg7 16. O-O O-O 17. b3 h5 18. h4 Be6 19. Qd3 $146 ({RR} 19. Qd2 Bxd5 20. Qxd5 Qb6 21. Qd2 a4 22. Rfb1 Qc5 23. Qd1 Ra7 24. g4 hxg4 25. Qxg4 Rfa8 26. h5 gxh5 27. Qxh5 Nd4 28. Qd1 Ne6 29. Ne3 Qd4 30. Qe1 Qc5 31. a3 axb3 32. axb4 Qd4 33. Rxa7 Rxa7 {1-0 Uuriintuya,U (2218)-Ankhchimeg,B (2156) MGL-ch (Women) 49th 2017 (8)}) ({RR} 19. Qd2 Ne7 20. a3 Bxd5 21. cxd5 bxa3 22. Nxa3 a4 23. bxa4 Rxa4 24. Nb5 Rxa1 25. Rxa1 Qb6 26. Qa5 Rb8 27. Qxb6 Rxb6 28. Ra8+ Bf8 29. Bf1 f5 30. Rd8 fxe4 31. Nxd6 e3 32. fxe3 Nf5 33. Nxf5 gxf5 {1-0 Stepinski,P (2041)-Lasok,M (1968) 60th Rubinstein Mem Open 2024 (5.38)}) 19... Nb8 20. Rad1 Nd7 21. Ne1 Nc5 22. Qe3 Qb8 23. Nd3 Bxd5 24. Nxc5 Bc6 25. Nd3 Kh7 26. Ne1 a4 27. Qd3 Qb7 28. Nc2 f5 29. Qxd6 Rab8 30. Rfe1 axb3 31. axb3 Rfd8 32. Qxd8 Rxd8 33. Rxd8 f4 34. Red1 fxg3 35. fxg3 Bxe4 36. Bxe4 Qxe4 37. R8d3 Bf8 38. Rd7+ Kh6 39. R7d2 Qf3 40. Kh2 Bc5 41. Ne1 Qxb3 42. Nd3 Be3 43. Nc1 Qxc4 44. Rd8 Bd4 45. Re1 Qc2+ 46. Kh1 Qf5 47. Rxd4 Qh3+ 48. Kg1 Qxg3+ 49. Kf1 Qf3+ 50. Kg1 exd4 51. Rf1 Qg3+ 52. Kh1 b3 53. Nxb3 Qxb3 54. Kg2 Qe3 55. Rf3 Qe4 0-1

[Event "Olympiad Women 2024"]
[Site "Budapest HUN"]
[Date "2024.09.22"]
[Round "11.20"]
[Board "4"]
[White "Demeter, Dorina"]
[Black "Sipos, Stefania"]
[Result "1-0"]
[WhiteElo "2199"]
[BlackElo "1993"]
[PlyCount "57"]
[EventDate "2024.09.11"]
[WhiteTeam "Hungary B"]
[BlackTeam "Hungary C"]

1. Nf3 Nf6 2. g3 g6 3. Bg2 Bg7 4. O-O O-O 5. d4 d6 6. Nc3 d5 7. Re1 Bf5 8. Bf4 ({RR} 8. Nh4 Bg4 9. Bg5 c6 10. Qd2 Nbd7 11. f3 Be6 12. e4 c5 13. exd5 cxd4 14. dxe6 dxc3 15. bxc3 Qb6+ 16. Kh1 fxe6 17. Rab1 Qc7 18. Rxe6 Nc5 19. Bf4 Qd8 20. Re2 Qxd2 21. Bxd2 Nd5 22. f4 Rad8 {½-½ Ivanchuk,V (2740)-Topalov,V (2725) Amber-blindfold 06th rapid 1997 (5)}) ({RR} 8. Ne5 c6 9. a4 a5 10. b3 Nbd7 11. Nxd7 Qxd7 12. Bb2 Rfe8 13. Qc1 Rac8 14. Qd2 Rcd8 15. Rad1 b6 16. Qc1 h5 17. e4 Nxe4 18. Nxe4 Bxe4 19. Bxe4 dxe4 20. Rxe4 e5 21. c3 exd4 22. Rxe8+ Rxe8 {½-½ Bodrogi,B (2261)-Cvitan,O (2422) 28th HIT Open 2024 (9.8)}) 8... c6 9. Ne5 Nbd7 10. h3 $146 ({RR} 10. Nxd7 Qxd7 11. Be5 Bh3 12. Qd2 Qf5 13. f3 Bxg2 14. Kxg2 Rad8 15. Rad1 h5 16. a4 h4 17. Qd3 Qe6 18. gxh4 Nh5 19. Bg3 f5 20. e3 Bh6 21. Ne2 Qf6 22. f4 Qe6 23. Ng1 Nf6 24. Nf3 Ne4 {0-1 Ju,W (2572)-Naroditsky,D (2619) PRO League Stage rapid 2018 (6)}) ({RR} 10. Qd2 Re8 11. h3 Ne4 12. Nxe4 Bxe4 13. Nxd7 Qxd7 14. f3 Bf5 15. g4 Be6 16. c3 Rac8 17. Rad1 c5 18. dxc5 Rxc5 19. Be3 Rcc8 20. f4 Red8 21. Bxa7 Qa4 22. Bd4 Bxd4+ 23. Qxd4 Qxa2 24. Qb4 Qa7+ {1-0 Prado Lobo,J (2306)-Naroditsky,D (2622) Titled Tue 17th Jan Late 2023 (4)}) 10... Be6 11. Qd2 Nxe5 12. Bxe5 Ne4 13. Nxe4 Bxe5 14. Nc5 Bf6 15. Nxb7 Qb6 16. Nc5 Qxb2 17. e3 Bf5 18. g4 Qxc2 19. Qxc2 Bxc2 20. Rac1 Be4 21. f3 Bh4 22. Re2 Bxf3 23. Bxf3 f5 24. Nd7 Rfc8 25. Rxc6 Rxc6 26. Bxd5+ e6 27. Bxc6 Rc8 28. Rc2 Kg7 29. Ba4 1-0